000 00284nam a22001217a 4500
040 _cHS
082 _a565
100 _aNA
245 _aកម្មវិធីព្រៃឈើជាតិ ២០១០-២០២៩
260 _aCambodia
_bNA
_c2029
300 _a164p;
942 _cKB
999 _c9281
_d9281